かんたん!過去の人物当てクイズ2 - Statistics

General Stats
  • This quiz has been taken 59 times
  • The average score is 5 of 15
Answer Stats
Hint Answer % Correct
文永・弘安の役(甲戌・辛巳の役)にて活躍したと『蒙古襲来絵巻』上ではされている肥後の御家人。 竹崎季長
63%
中先代の乱を起こし、鎌倉を占拠した。 北条時行
61%
日本町、アユタヤの長。 山田長政
61%
三山を統一した中山王。 尚巴志
49%
幕末の老中で和宮と家茂の結婚を推し進めた結果、坂下門外の変で負傷した。 安藤信正
47%
徳川吉宗に登用された古文辞学派の古学者で『政談』を著した。 荻生徂徠
33%
岡山藩主池田光政に仕え、朱子学を批判した中江藤樹の門弟。 熊沢蕃山
31%
幕末の老中で外様大名の政治参加を進めるなどの安政の改革を行った。 阿部正弘
31%
永享の乱で自害した鎌倉公方。 足利持氏
29%
この人物が教会へ長崎寄進を行ったことが、バテレン追放令の出されたきっかけとなった。 大村純忠
24%
蘭学者・通詞で『暦象新書』で万有引力・地動説の紹介をした。その他、『鎖国論』など。 志筑忠雄
24%
室町幕府6代将軍を暗殺した赤松満祐を追討した侍所所司。 山名持豊
22%
北条貞時の頃の内管領で安達泰盛を霜月騒動で滅ぼしたものの、専横化し北条貞時に平禅門の変で滅ぼされた。 平頼綱
20%
禁中並公家諸法度の起草など初期の江戸幕府を支えた臨済宗の僧。 以心崇伝
16%
京都の朱印船貿易の商人。茶屋四郎次郎ではない方。 角倉了以
12%
No matching quizzes found
Score Distribution
Percent of People with Each Score
Percentile by Number Answered
Your Score History
You have not taken this quiz